000 00384 a2200169 4500
001 190066
020 _a978-85-99306-33-8
040 _cMagnum
100 _aRibeiro, Jonas
240 1 0 _aÉ uma janela ou uma banguela?
_lpor
245 1 0 _aÉ uma janela ou uma banguela?
300 _a24
362 0 _a2011
440 1 _aElementar
697 _aLITERATURA INFANTIL
942 _cBK
999 _c190066
_d190066